Muscles of the Human Body - Statistics

General Stats
  • This quiz has been taken 4,184 times
  • The average score is 28 of 107
Answer Stats
Location/Region Muscle % Correct
Shoulder Deltoid
69%
Posterior Hip Gluteus Maximus
68%
Anterior Upper Arm Biceps Brachii
63%
Neck Trapezius
58%
Posterior Upper Arm Triceps Brachii
55%
Posterior Lower Leg Gastrocnemius
53%
Posterior Hip Gluteus Minimus
53%
Shoulder Pectoralis Major
52%
Posterior Hip Gluteus Medius
49%
Posterior Lower Leg Soleus
49%
Posterior Thigh Biceps Femoris
48%
Shoulder Pectoralis Minor
48%
Anterior Thigh Rectus Femoris
48%
Shoulder Latissimus Dorsi
47%
Rotator Cuff Teres Major
46%
Rotator Cuff Teres Minor
46%
Anterior Thigh Vastus Lateralis
46%
Anterior Thigh Vastus Medialis
46%
Anterior Thigh Sartorius
45%
Anterior Upper Arm Brachialis
43%
Rotator Cuff Infraspinatus
42%
Anterior Lower Leg Tibialis Anterior
42%
Trunk External Oblique
41%
Rotator Cuff Supraspinatus
40%
Adductor Adductor Longus
38%
Trunk Internal Oblique
38%
Anterior Forearm Brachioradialis
37%
Posterior Thigh Semimembranosus
37%
Posterior Thigh Semitendinosus
37%
Adductor Adductor Magnus
36%
Adductor Gracilis
36%
Rotator Cuff Subscapularis
36%
Neck Sternocleidomastoid
35%
Adductor Adductor Brevis
34%
Posterior Forearm Extensor Digitorum
33%
Anterior Hip Psoas Major
33%
Trunk Rectus Abdominis
31%
Posterior Lower Leg Tibialis Posterior
31%
Shoulder Serratus Anterior
29%
Anterior Hip Iliacus
28%
Outward Rotator Piriformis
28%
Anterior Hip Psoas Minor
28%
Respiration External Intercostal
27%
Anterior Forearm Flexor Carpi Radialis
27%
Respiration Internal Intercostal
27%
Anterior Forearm Flexor Carpi Ulnaris
26%
Anterior Forearm Pronator Teres
26%
Neck Levator Scapula
24%
Anterior Lower Leg Peroneus Longus
24%
Posterior Forearm Supinator
24%
Anterior Upper Arm Coracobrachialis
23%
Anterior Thigh Vastus Intermedialis
23%
Adductor Pectineus
22%
Anterior Lower Leg Peroneus Brevis
22%
Posterior Forearm Extensor Carpi Ulnaris
21%
Posterior Lower Leg Flexor Digitorum Longus
21%
Posterior Lower Leg Plantaris
19%
Anterior Hip Quadratus Lumborum
19%
Posterior Forearm Extensor Digiti Minimi
18%
Outward Rotator Obturator Externus
18%
Outward Rotator Obturator Internus
18%
Posterior Upper Arm Anconeus
17%
Posterior Forearm Extensor Carpi Radialis Brevis
17%
Posterior Forearm Extensor Carpi Radialis Longus
17%
Anterior Forearm Flexor Digitorum Superficialis
17%
Posterior Lower Leg Popliteus
17%
Trunk Transversus Abdominis
17%
Anterior Forearm Flexor Digitorum Profundus
16%
Anterior Forearm Flexor Pollicis Longus
16%
Outward Rotator Quadratus Femoris
16%
Anterior Hip Tensor Fasciae Latae
16%
Anterior Lower Leg Extensor Digitorum Longus
15%
Posterior Forearm Extensor Pollicis Longus
15%
Intrinsic Muscle of Foot Flexor Digitorum Brevis
15%
Intrinsic Muscle of Hand Flexor Pollicis Brevis
15%
Anterior Forearm Pronator Quadratus
15%
Intrinsic Muscle of Hand Adductor Pollicis
14%
Posterior Forearm Extensor Pollicis Brevis
14%
Outward Rotator Gemellus Inferior
14%
Outward Rotator Gemellus Superior
14%
Trunk Longissimus
14%
Intrinsic Muscle of Foot Lumbricals
14%
Trunk Spinalis
14%
Posterior Forearm Abductor Pollicis Longus
13%
Anterior Lower Leg Peroneus Tertius
13%
Intrinsic Muscle of Hand Abductor Pollicis Brevis
12%
Trunk Iliocostalis
12%
Intrinsic Muscle of Hand Opponens Pollicis
12%
Intrinsic Muscle of Foot | Intrinsic Muscle of Hand Abductor Digiti Minimi
10%
Posterior Forearm Extensor Indicis
10%
Neck Rhomboids Major
10%
Neck Rhomboids Minor
10%
Intrinsic Muscle of Foot | Intrinsic Muscle of Hand Dorsal Interossei
9%
Anterior Lower Leg Extensor Hallicus Longus
8%
Intrinsic Muscle of Foot | Intrinsic Muscle of Hand Flexor Digiti Minimi Brevis
8%
Posterior Lower Leg Flexor Hallicus Longus
8%
Intrinsic Muscle of Hand Opponens Digiti Minimi
8%
Intrinsic Muscle of Foot | Intrinsic Muscle of Hand Palmar Interossei
8%
Intrinsic Muscle of Foot Flexor Hallicus Brevis
6%
Intrinsic Muscle of Foot Abductor Hallicus
4%
Intrinsic Muscle of Foot Adductor Hallicus
4%
Anterior Forearm Palmas Longus
2%
Intrinsic Muscle of Foot Quadrates Plantae
2%
No matching quizzes found
Score Distribution
Percent of People with Each Score
Percentile by Number Answered
Your Score History
You have not taken this quiz